ពិសីនិងសេះបៃតង / (Record no. 9212)

MARC details
000 -LEADER
fixed length control field 01616nam a22002897a 4500
001 - CONTROL NUMBER
control field 9212
003 - CONTROL NUMBER IDENTIFIER
control field FISKH
005 - DATE AND TIME OF LATEST TRANSACTION
control field 20251202140344.0
008 - FIXED-LENGTH DATA ELEMENTS--GENERAL INFORMATION
fixed length control field 251202b cb ||||| |||| 00| 0 eng d
020 ## - INTERNATIONAL STANDARD BOOK NUMBER
International Standard Book Number 9789995002145
040 ## - CATALOGING SOURCE
Original cataloging agency FISKH
Language of cataloging khr
Transcribing agency FISKH
Modifying agency FISKH
082 ## - DEWEY DECIMAL CLASSIFICATION NUMBER
Classification number 398.2
100 ## - MAIN ENTRY--PERSONAL NAME
Personal name Sakal , Ngoun
245 ## - TITLE STATEMENT
Title ពិសីនិងសេះបៃតង /
Statement of responsibility, etc. អ្នកនិពន្ធ លោកស្រី ងួន សាកល , អ្នករៀបរៀង លោក អ៊ាន ភាង
260 ## - PUBLICATION, DISTRIBUTION, ETC.
Place of publication, distribution, etc. ភ្នំពេញ :
Name of publisher, distributor, etc. គ្រឹះស្ថានបោះពុម្ព និង ចែកផ្សាយ ,
Date of publication, distribution, etc. 2014 .
300 ## - PHYSICAL DESCRIPTION
Extent 8 pages :
Other physical details color illustrations ;
Dimensions 27 cm .
505 ## - FORMATTED CONTENTS NOTE
Formatted contents note H <br/>
520 ## - SUMMARY, ETC.
Summary, etc. ពិសីមានធាងចេកពីរ នាងហៅធាងចេកនោះថាជាសេះ ។ ហើយនាងក៏ចែកសេះពណ៏បៃតងមួយទៀតអោយទៅហេងដែលជាមិត្តរបស់នាង ។ ពួកគេជិះសេះយ៉ាងសប្បាយរីករាយ ។
520 ## - SUMMARY, ETC.
Summary, etc. Pisey had two banana trunks, and she called them her green horses. She gave one more green horse to Heng, her friend. They happily rode their horses together.
521 8# - TARGET AUDIENCE NOTE
Target audience note 400 <br/>
Source Lexile estimate <br/>
521 8# - TARGET AUDIENCE NOTE
Target audience note H <br/>
Source Raz-Plus <br/>
650 ## - SUBJECT ADDED ENTRY--TOPICAL TERM
Topical term or geographic name entry element ពិសីនិងសេះបៃតង
Form subdivision រឿងនិទានកុមារ
650 ## - SUBJECT ADDED ENTRY--TOPICAL TERM
Topical term or geographic name entry element Pisey and her green horse
Form subdivision Children's Stories
700 ## - ADDED ENTRY--PERSONAL NAME
Personal name Visal , Seng
Relator term Illustrator
942 ## - ADDED ENTRY ELEMENTS (KOHA)
Source of classification or shelving scheme Dewey Decimal Classification
Koha item type Khmer Books
Suppress in OPAC No
Holdings
Withdrawn status Lost status Source of classification or shelving scheme Damaged status Not for loan Collection Home library Current library Shelving location Date acquired Total Checkouts Full call number Barcode Date last seen Price effective from Koha item type
    Dewey Decimal Classification     Khmer Language Books / សៀវភៅភាសាខ្មែរ Footprints International School Library Network Toul Tom Poung Campus Footprints International School Library Network Toul Tom Poung Campus TTP Primary Khmer Bookshelves 12/02/2025   SAK 398.2 2025-5003 12/02/2025 12/02/2025 Khmer Books